ბათუმის შოთა რუსთაველის სახელმწიფო უნივერსიტეტის ბიბლიოთეკა

კოლხეთის ძვ. წ. V-III სს. საბეჭდავი ბეჭდები : (ბიბ.ჩანაწერი № 59979)

000 -ლიდერი
ფიქსირებული სიგრძის საკონტროლო ველი 01096nam a22001937a 4500
003 - საკონტროლო ნომრის იდენტიფიკატორი
საკონტროლო ველი Ge_BSU
005 - ბოლო ოპერაციის თარიღი და დრო
საკონტროლო ველი 20230525161800.0
008 - ფიქსირებული სიგრძის მონაცემთა ელემენტები - ზოგადი ინფორმაცია
ფიქსირებული სიგრძის საკონტროლო ველი 230525s1975ge xxu||||| |||| 00| 0 geo d
041 ## - ენის კოდი
Language code of text/sound track or separate title geo
080 ## - უნივერსალური ათობითი კლასიფიკაციის ინდექსი
Universal Decimal Classification number 736.3(479.22)(09) ლ - 85
100 ## - მთავარი ჩანაწერი - პიროვნების სახელი
Personal name ლორთქიფანიძე, მარგარიტა, ავტორი.
9 (RLIN) 18233
245 ## - ცნობა სათაურის შესახებ
Title კოლხეთის ძვ. წ. V-III სს. საბეჭდავი ბეჭდები :
Remainder of title ბერძნულ სახელოსნოებთან ურთიერთობის საკითხი /
Statement of responsibility, etc მარგარიტა ლორთქიფანიძე ; რედ. თ.მიქელაძე
264 ## - წარმოების, გამოცემის, დისტრიბუციის და სხვა ცნობები
გამოცემის, წარმოების, დისტრიბუციის... ადგილი თბილისი :
გამოცემის, წარმოების, დისტრიბუციის... სახელწოდება მეცნიერება,
გამოცემის, წარმოების, დისტრიბუციის... თარიღი 1975.
300 ## - ფიზიკური აღწერა
Extent 127 გვ. :
Other physical details 5 ფ. ილ. ;
Dimensions 26 სმ.
520 ## - SUMMARY, ETC.
Summary, etc რეზუმე ფრანგულ ენაზე
653 ## - INDEX TERM--UNCONTROLLED
Uncontrolled term საბეჭდავი ბეჭდები კოლხეთში.
700 ## - ADDED ENTRY--PERSONAL NAME
Personal name მიქელაძე, თ
Relator term რედაქტორი
9 (RLIN) 18234
942 ## - ADDED ENTRY ELEMENTS (KOHA)
Source of classification or shelving scheme
Koha item type წიგნი
ეგზემპლარები
ჩამოწერის სტატუსი დაკარგული ეგზემპლარის სტატუსი კლასიფიკაციის წყარო ან თაროზე გაწყობის სქემა დაზიანების სტატუსი არ გაიცემა მუდმივი მდებარეობა (დაცვის ადგილი) ამჟამინდელი ადგილსამყოფელი თაროზე განთავსების ადგილი შეძენის თარიღი ღირებულება, შესყიდვის ნორმალური ფასი სრული შენახვის შიფრი შტრიხკოდი ბოლო ოპერაციის თარიღი ეგზემპლარის მიმდევრობითი ნომერი (კეტერი?) Uniform Resource Identifier ფასის ძალაში შესვლის თარიღი ეგზემპლარის სახეობა საჯარო შენიშვნა
          ბათუმის შოთა რუსთაველის სახელმწიფო უნივერსიტეტის მთავარი ბიბლიოთეკა ბათუმის შოთა რუსთაველის სახელმწიფო უნივერსიტეტის მთავარი ბიბლიოთეკა წიგნსაცავი 2023-05-25 10.00 736.3(479.22)(09) ლ - 85 64486 2023-05-25 64486 ბსუ-ს საპატიო დოქტორის გურამ ლორთქიფანიძის საჩუქარი 2023-05-25 წიგნი 10.00